Catálogo

ECONOMIA ADMINISTRATIVA Y SU APLICACION A LA EMPRESA (Registro nro. 7641)

Detalles MARC
000 -LEADER
fixed length control field 00761nam a2200205 a 4500
001 - CONTROL NUMBER
control field 7641
005 - DATE AND TIME OF LATEST TRANSACTION
control field 20180713191534.0
008 - FIXED-LENGTH DATA ELEMENTS--GENERAL INFORMATION
fixed length control field 140415s1991 mx 000 0 spa d
020 ## - INTERNATIONAL STANDARD BOOK NUMBER
International Standard Book Number 9681830598
041 ## - LANGUAGE CODE
Language code of text/sound track or separate title spa
082 ## - DEWEY DECIMAL CLASSIFICATION NUMBER
Classification number 658.4
Item number MCC
100 1# - MAIN ENTRY--PERSONAL NAME
Personal name MCCARTY, MARILU HURT
245 10 - TITLE STATEMENT
Title ECONOMIA ADMINISTRATIVA Y SU APLICACION A LA EMPRESA
250 ## - EDITION STATEMENT
Edition statement 1a ed.
260 ## - PUBLICATION, DISTRIBUTION, ETC.
Place of publication, distribution, etc. MEXICO :
Name of publisher, distributor, etc. LIMUSA,
Date of publication, distribution, etc. 1991
300 ## - PHYSICAL DESCRIPTION
Extent 667
Dimensions x 19 x 24
520 ## - SUMMARY, ETC.
Summary, etc. ESTE LIBRO COLOCA LA TEORÍA MICROECONÓMICA EN EL ÁMBITODE LA CONTABILIDAD , LA ESTADÍSTICA Y LAS FINAZAS, Y MUESTRA COMO INTEGRARLAS PARA SU APLICACIÓN EN SITUACIONES REALES.
650 14 - SUBJECT ADDED ENTRY--TOPICAL TERM
Topical term or geographic name entry element ADMINISTRACION INDUSTRIAL
General subdivision ECONOMIA GERENCIAL
740 ## - ADDED ENTRY--UNCONTROLLED RELATED/ANALYTICAL TITLE
Uncontrolled related/analytical title managerial economics with applications
Existencias
Withdrawn status Lost status Source of classification or shelving scheme Damaged status Not for loan Collection code Home library Current library Shelving location Date acquired Source of acquisition Total Checkouts Full call number Barcode Date last seen Price effective from Koha item type Inventory number Total Renewals Date last checked out
    Dewey Decimal Classification     General Biblioteca Karol Wojtyla Biblioteca Karol Wojtyla Sala general 03/12/2013 Compra   658.4 MCC 20753 05/01/2026 03/12/2013 Libro 151000000000000000014799    
    Dewey Decimal Classification     General Biblioteca Karol Wojtyla Biblioteca Karol Wojtyla Sala general 03/12/2013 Compra   658.4 MCC 33882 05/01/2026 03/12/2013 Libro 151000000000000000014800    
    Dewey Decimal Classification     General Biblioteca Karol Wojtyla Biblioteca Karol Wojtyla Sala general 03/12/2013 Compra 1 658.4 MCC 66206 05/01/2026 03/12/2013 Libro 151000000000000000014801 1 04/06/2022
    Dewey Decimal Classification     General Tehuacán Tehuacán Sala general 03/12/2013 Compra   330 505028 08/01/2025 03/12/2013 Libro